Process Industry Procedures and Training Manual /

Na minha lista:
Detalhes bibliográficos
Main Authors: Sawers, James R (Author), Eastman, Margaret M.R (Author)
Formato: Livro
Idioma:inglês
Publicado em: New York : McGraw-Hill, 1996
Colecção:Chemical Engineering Books
Tags: Adicionar Tag
Sem tags, seja o primeiro a adicionar uma tag!

MARC

LEADER 00000nam a22000003a 4500
001 stu17080
005 20150617225758.7
008 970725s1996----xxu-----------------eng-d
020 |a 0-07-054277-5 
040 |a STU  |b slo 
041 0 |a eng 
044 |a xxu 
080 |a 66.01 
100 1 |a Sawers, James R  |4 aut 
245 1 |a Process Industry Procedures and Training Manual /  |c [aut.]Sawers,James R., Eastman,Margaret M.R 
260 |a New York :  |b McGraw-Hill,  |c 1996 
300 |a 655 s :  |b Tab.,index 
700 1 |a Eastman, Margaret M.R  |4 aut 
830 0 |a Chemical Engineering Books 
996 |b C94926  |c C*94926  |l CCXVIII  |s P  |a 0  |w stu17080_0001